| 000 | 00624nam a22001937a 4500 | ||
|---|---|---|---|
| 005 | 20260507104707.0 | ||
| 008 | 260507b |||||||| |||| 00| 0 eng d | ||
| 020 |
_a978-81-910689-0-0 _c170.00 |
||
| 040 | _aMAIN | ||
| 041 | _aasm | ||
| 082 |
_a320.95 _bCHA |
||
| 100 | _aChakraborty, Adyanath. | ||
| 245 |
_aস্ৱাধীনোত্তৰ কালৰ ভাৰতীয় ৰাজনীতি(Politics in India Since Independence) _cBy Adyanath Chakraborty. |
||
| 250 | _a7th ed. | ||
| 260 |
_aGuwahati: _bRupaleem Prakashan; _c2015. |
||
| 300 | _a216p. | ||
| 650 | _aPolitical Science | ||
| 942 |
_2ddc _cBK |
||
| 999 |
_c16443 _d16443 |
||